000 00428nam a2200157 i 4500
001 64898
003 ES-MaACL
005 20230906165240.0
007 t|
008 040107s1973 sp ||||1| lat d
100 1 _aForteza Segura, Maso.
_951868
245 1 0 _aArs magna cucaferae /
_cMaso Forteza Segura.
260 _aTortosa :
_b[s.n.],
_c1973.
300 _a144 p., 4 lám. ;
_c21 cm.
852 _aES-MaACL
_jC-54344
_bR.87319
999 _c64898
_d64898